MDQL
is popping MORE tags! Check the
thread
!
Quizzes
Events
Quiz Creation
Community
Videos
Private Events
Remove Ads
Sign In
Join for FREE
Feedback
Dark Mode
Quiz Categories
Sports
Geography
Music
Movies
Television
Just For Fun
Miscellaneous
History
Literature
Language
Science
Gaming
Entertainment
Religion
Holiday
For Kids
Quiz Lab
Recent
Popular Today
Quiz Kudos Today
Editor Picks
Curator Picks
Quizzes by...
Day
Popularity
Type
Ratings
Length
Year
Community
Subscriptions
Recent Discussions
Orange Saloon
Badges
Playlists
Quests
Create
Leaderboards
Showdown
Live 5
Trivia Bingo
Activity
Puzzle Library
Sporcle Events
Private Events
Virtual Trivia
Globe League
Become a Host
Pub Owners
SporcleCon
Opinionation
Our Games
Videos
Blog
Mobile Apps
Partnerships
Remove Ads and Go Orange
Feedback
Miscellaneous
Crossword
General Knowledge
Baby Names
Logo
Food
Cars
Numbers
Grab Bag
University
College
Popular
Company
Slogans
Restaurants
Justice
Letter
Miscellaneous
Crossword
General Knowledge
Baby Names
Logo
Food
Cars
Numbers
Grab Bag
University
College
Popular
Company
Slogans
Restaurants
Justice
Letter
Random Quiz
Search Sporcle
×
Quiz Lab
Quiz Lab
Miscellaneous
basic
Type in answers that appear in a list
Type in answers that appear in a list
Classic
Best Score? Go Orange.
Journalism Basics Quiz Stats
Can you name the Journalism Basics Quiz?
By
rtarletsky
10m
20 Questions
93 Plays
93 Plays
93 Plays
Comments
Comments
Give Quiz Kudos
Give Quiz Kudos
-
- Ratings
hide this ad
Forced Order
Answers have to be entered in order
Answers have to be entered in order
Replay
Link that replays current quiz
Next Quiz
Link to next quiz in quiz playlist
You Got
0%
They Got
Avg Score
47%
Avg Friend Score
Upgrade to see
Score Distribution
Jump to the score distribution portion of the page
Score
0/20
Timer
10:00
0
Plays Today
Hint
Answer
% Correct
TRUE OR FALSE: A person can yell BOMB on a plane because they have freedom of speech
False
93.5%
TRUE OR FALSE: A man can legally praise Satan
True
77.4%
TRUE OR FALSE: Bias is always bad
False
75.3%
TRUE OR FALSE: It is ethical practice by a journalist to keep his anonymous sources a secret no matter what
True
72%
Invasion of _
_
_
_
_
_
is NOT protected by the first amendment unless the information found is pertinent to security
Privacy
69.9%
Damaging a person's reputation by word of mouth
Slander
68.8%
TRUE OR FALSE: By the end of this class, we are going to be responsible, ethical, and all knowing journalists
True
66.7%
Colin Kapernick plays for the San Fransisco _
_
_
_
_
_
49ers
59.1%
Freedom of _
_
_
_
_
_
_
_
gives Jude the right to express his feelings after losing Journalism Jeopardy
Speech
58.1%
This protects your written or documented words and ideas
Copyright
57%
Hint
Answer
% Correct
The creation of a free press was essentially to act as the citizens watch _
_
_
_
_
_
against the government
dog
37.6%
Leaving information out of a story because it helps paint a different picture is bias by _
_
_
_
_
Omission
36.6%
Slander and Libel are two forms of _
_
_
_
_
_
_
_
_
_
Defamation
30.1%
Bias is not just in words, a _
_
_
_
_
can create a bias as well
Picture
29%
The number one trait of the SPJ CODE of ETHICS is _
_
_
_
_
_
_
Truth
26.9%
This is the #1 tool used by Citizen Journalists
Social Media
26.1%
Freedom of _
_
_
_
_
_
_
gave Colin Kaepernick the legal right to sit during the national anthem
Petition
22.6%
John Peter _
_
_
_
_
_
fought the law and won! Proving that libel can not be charged if information is proven to be true
Zenger
20.4%
Avoiding _
_
_
_
_
_
_
_
_
_
_
_
_
means you assure that your ideas and words are not influenced by any outside sources that are close to the situation
Conflict of Interest
8.6%
_
_
_
_
_
_
vs _
_
_
_
_
_
_
was a famous court case that decided schools may censor speech if deemed obscene or vulgar according to school standards
Bethel vs Fraser
5.4%
Quiz Playlist
Details
Report
Send in Message
Add To Playlist
Classic:
Type in answers that appear in a list
Forced Order:
Answers have to be entered in order
Last Updated: Feb 16, 2017
Quiz Scoreboard
CHALLENGE
Sign Up to Join the Scoreboard
Show All
Scores
Hide
Comments
May contain spoilers
Recently Published
Find the 'City' Movie
by crazypaving
Movies
60s
5x2 Blitz: Bands
by SL_Kpop136
Music
30s
Colored Red Africa Blitz
by spor1
Geography
30s
More to Explore
Quiz From the Vault
Featured Blog Post
14 Easter Pick-up Lines to Find Eggs With
hide this ad
You Might Also Like...
Tags
basic
Journalism
Today's Top Quizzes in Miscellaneous
Browse Miscellaneous
hide this ad
Today's Top Quizzes in basic
Browse basic
Top Contributed Quizzes in Miscellaneous
1
The JOE quick-fire general knowledge quiz: Day 174
2
5-to-1: Fast Food
3
9x9 Crossword: Disney Movie Titles
4
9x9 Crossword: Charlie and the Chocolate Factory
5
9x9 Crossword: Actors
6
9x9 Crossword: 2022 Movies
7
9x9 Crossword: The Simpsons
8
9x9 Crossword: Pixar Movie Titles
9
The JOE quick-fire general knowledge quiz: Day 173
10
9x9 Crossword: Flags
Explore More
Trending Topics
Marvel
Anime
Disney
NBA
Kpop
Crossword
Harry Potter
The Office
Soccer
Pokémon
WWE
Country
Song
NFL
Puzzle
hide this ad
More By:
rtarletsky
Quiz
Plays
Rating
Category
Featured
Created
Elements and Principles of Photography
111
Miscellaneous
Sep 14, 2016
Journalism Basics Quiz
93
Miscellaneous
Aug 30, 2016
Beginning Photography Terminology
80
Miscellaneous
Sep 1, 2016
Know your classmates!
16
Just For Fun
Sep 1, 2016
Go to Creator's Profile
Score Distribution
Quiz Creator Spotlight
rtarletsky
Follow
Send a Message
Quizzes Created
-
Created Quiz Play Count
-
More By This Creator
Popular Quizzes Today
1
Colored Red Africa Blitz
2
Find the 'City' Movie
3
Find the US States - No Outlines Minefield
4
5x2 Blitz: Bands
5
The Countries of the World
6
Find the US States
7
US States
8
Find the Countries of Europe - No Outlines Minefield
More Miscellaneous Quizzes
Colors by Any 3 Letters
Published
Trending Quizzes
Colored Red Europe Blitz I
Colored Red Europe Blitz II
Colored Red Africa Blitz II
Colored Red Europe Blitz III
Colored Red Africa Blitz III
Recently Updated
How Do You Spell That?
pecheneg
Godzilla Movies
pecheneg
Grab Bag: 4-10 Letters
pecheneg
2024 March Madness Bracket
pecheneg
Famous TV Couples
Peacemaker
Champions League XIs: Real Madrid
pecheneg
Largest US Cities 1790-2010
pecheneg
Rides in Walt Disney World
pecheneg
Most Oscar Losses (Acting)
pecheneg
Beyoncé Albums
pecheneg
Trending Topics
Harry Potter
Anime
Crossword
NBA
Disney
Kpop
Marvel
The Office
NFL
Pokémon
Song
Puzzle
Country
WWE
Soccer
Your Account Isn't Verified!
In order to create a playlist on Sporcle, you need to verify the email address you used during registration. Go to your
Sporcle Settings
to finish the process.
Report this User
Report this user for behavior that violates our
Community Guidelines
.
Details:
Send Report
Go to the Sporcle.com Mobile Site →
Comments